000 01980nam a22003494a 4500
001 ebr10309827
003 CaPaEBR
006 m u
007 cr cn|||||||||
008 020712s2003 alua sb s001 0beng
020 _z0817312463 (alk. paper)
040 _aCaPaEBR
_cCaPaEBR
035 _a(OCoLC)425970034
043 _an-us---
050 1 4 _aBX8495.W2464
_bD84 2003eb
082 0 4 _a261.8/092
_aB
_221
100 1 _aDuke, David Nelson,
_d1950-2000.
245 1 0 _aIn the trenches with Jesus and Marx
_h[electronic resource] :
_bHarry F. Ward and the struggle for social justice /
_cDavid Nelson Duke.
260 _aTuscaloosa :
_bUniversity of Alabama Press,
_cc2003.
300 _axvi, 305 p. :
_bill.
490 1 _aReligion and American culture
504 _aIncludes bibliographical references (p. [281]-290) and index.
505 0 _aPrologue: The world of an outsider -- An English Methodist shopkeeper's world, 1873-1891 -- Discovering new worlds in America, 1891-1898 -- Discovering the battle lines, 1898-1911 -- The increasing price of battle, 1912-1917 -- War without end, 1917-1920 -- A pragmatic holy warrior in the making, 1920-1929 -- The unraveling of radicalism : Ward and Niebuhr during the Great Depression, 1929-1939 -- More wars, 1939-1945 -- In the trenches with Jesus and Marx, 1946-1966 -- Epilogue: The legacy of Harry F. Ward.
533 _aElectronic reproduction.
_bPalo Alto, Calif. :
_cebrary,
_d2013.
_nAvailable via World Wide Web.
_nAccess may be limited to ebrary affiliated libraries.
600 1 0 _aWard, Harry Frederick,
_d1873-1966.
650 0 _aMethodist Church
_xClergy
_zUnited States
_vBiography.
650 0 _aCommunists
_zUnited States
_vBiography.
655 7 _aElectronic books.
_2local
710 2 _aebrary, Inc.
830 0 _aReligion and American culture (Tuscaloosa, Ala.)
856 4 0 _uhttp://site.ebrary.com/lib/rucke/Doc?id=10309827
_zAn electronic book accessible through the World Wide Web; click to view
999 _c61994
_d61994